| 000 | 01010nas a2200313 4500 | ||
|---|---|---|---|
| 001 | BR0104673 | ||
| 003 | BR-BrBNA | ||
| 005 | 20231205102428.0 | ||
| 007 | ta | ||
| 008 | 230509b bl.|||p| |||| 00| 00por d | ||
| 040 |
_aBR-BrBNA _bpor _cBiblioteca Nacional de Agricultura |
||
| 041 | _a(Pt) | ||
| 072 | _aL51 | ||
| 100 | 1 | _aBerchielli, T.T. | |
| 100 | 1 | _aSoares, J.P.G. | |
| 100 | 1 | _aAroeira, L.J.M. | |
| 100 | 1 | _aFurlan, C.L. | |
| 100 | 1 | _aSalman, A.K.D. | |
| 100 | 1 | _aSilveira, R.N. da | |
| 100 | 1 | _aMalheiros, E.B. | |
| 245 | 1 | _aEstimativa da ingestao voluntaria a partir das caracteristicas de degradacao do capim-Coastcross (Cynodon dactylon L. Pers.), sob pastejo, por vacas em lactacao | |
| 650 | _aVaca | ||
| 650 | _aForrageira Tropical | ||
| 650 | _aGrama Bermuda | ||
| 650 | _aPastejo | ||
| 773 | 0 |
_tRevista Brasileira de Zootecnia (Brazil) _xISSN 1516-3598 _g(Jul-Aug 2001), v. 30(4) p. 1332-1339 _wBR0104673 |
|
| 909 |
_a202311 _bLúcia _c55 _dLúcia Elande |
||
| 942 |
_2AGRIS _n0 _cANA |
||
| 999 |
_c167550 _d167550 |
||